000 02805nam a22002657a 4500
005 20240305165632.0
007 cr|||| ||||
008 220510s2021 es |||||s|||| 00||0 spa d
020 _a978-84-123154-9-3
035 _a35632
040 _avLex
090 _c13312
_d13312
100 1 _aAlapont, José León
245 1 0 _a Temas clave de derecho penal presente y futuro de la política criminal en España
_h[Recurso electrónico] /
_cJosé León Alapont
256 _aServicio en línea
260 _aBarcelona:
_bJ.M. Bosch Editor,
_c2021
300 _a1 recurso electrónico
500 _aLa presente obra aborda el estudio de aquellos temas más representativos de Derecho penal que en la actualidad copan el debate sobre el presente y futuro de la política criminal en España. En consecuencia, como podrá observar el lector, se analizan aquellos aspectos más controvertidos o que mayor atención han suscitado en la doctrina y entre los distintos operadores jurídicos, así como las diversas propuestas de reforma que hay planteadas en la actualidad o que debieran afrontarse en un futuro. Así pues, el trabajo que aquí se presenta combina el examen técnico-jurídico de determinados extremos con la evaluación de la técnica legislativa empleada y el trasfondo político de cada uno de los ámbitos que son objeto de estudio. La selección efectuada abarca temas de gran interés y actualidad como: el acoso inmobiliario, los delitos sexuales, los ultrajes a España, el maltrato animal, la financiación ilegal de los partidos políticos, la eutanasia, la prisión permanente revisable, el delito de sedición, el delito de coacciones a la huelga, delitos de odio, las insolvencias punibles, los delitos contra la libertad religiosa, la convocatoria y celebración de referéndums y consultas ilegales, medio ambiente, blanqueo de dinero, enaltecimiento del terrorismo, el indulto, la apología y exaltación del franquismo y la trata de seres humanos. Así pues, se ha pretendido reunir en este libro a reputados penalistas, especialistas cada uno de ellos en el campo que abordan, con la finalidad de resumir las distintas posiciones, debates, propuestas y soluciones que se dan encada uno de los temas propuestos. Siempre desde el máximo rigor científico y el más sano espíritu crítico
506 1 _aDisponible solo en los productos indicados
_dvLex Global
_dvLex Global (Academic Edition, excluding Law Schools)
_dvLex Global (U.S. Academic Edition, Law Schools)
_dvLex Global (U.S. Academic Edition, excluding Law Schools)
_dvLex Global (Academic Edition, Law Schools)
650 0 4 _aDerecho Penal
_zEspaña
650 0 4 _aProcedimiento Penal
_zEspaña
740 0 _avLex Libros (Servicio en línea)
856 4 0 _uhttps://app.vlex.com/#/sources/35632
942 _cRAA
999 _c171548
_d171548